| Поле | Инд. | ПП | Название | Значение |
|---|---|---|---|---|
| Тип записи | a | |||
| Библиографический уровень | m | |||
| 001 | Контрольный номер | RU/IS/BASE/205602808 | ||
| 005 | Дата корректировки | 20250619113928.4 | ||
| 008 | Кодируемые данные | 19971103 | ||
| 020 | a | ISBN | 5-86688-007-5 | |
| 040 | 00 | e | Правила каталог. | Л 971103 |
| 084 | a | Индекс другой классификации/Индекс ББК | 84(4Вел)6-44 | |
| 090 | 00 | a | Полочн. индекс | Списана |
| x | Авторский знак | Д 629 | ||
| 097 | 00 | a | 210 | |
| 100 | 10 | a | Автор | Дойл А. К. |
| d | Даты | 1859-1930 | ||
| q | Полное имя | Дойл Артур Конан | ||
| 245 | 00 | a | Заглавие | Англия |
| c | Ответственность | перевод с английского Н. Треневой, Н. Войтинской, Н. Емельяниковой, Д. Жукова; составитель Г. Бабкина; редактор В. Соснов; художник А. Катин | ||
| 260 | 00 | a | Место издания | Москва |
| b | Издательство | Квант | ||
| c | Дата издания | 1991 | ||
| 300 | 00 | a | Объем | 208 с. |
| 336 | a | Термин вида содержания | Текст | |
| 337 | a | Термин типа средства | непосредственный | |
| 650 | 04 | a | Основная рубрика | художественная литература |
| 653 | 00 | a | Ключевые слова | XX век |
| a | Ключевые слова | английская литература | ||
| a | Ключевые слова | Великобритания | ||
| 655 | 00 | a | Жанр/ форма (устаревшее) | проза |
| a | Жанр/ форма (устаревшее) | повесть | ||
| a | Жанр/ форма (устаревшее) | рассказ | ||
| 700 | 12 | a | Автор | Бабкина Г. |
| e | Роль лиц | составитель | ||
| 700 | 12 | a | Автор | Тренева Н. |
| e | Роль лиц | переводчик | ||
| 700 | 12 | a | Автор | Войтинский Н. |
| e | Роль лиц | переводчик | ||
| 700 | 12 | a | Автор | Емельяникова Н. |
| e | Роль лиц | переводчик | ||
| 700 | 12 | a | Автор | Жуков Д. |
| e | Роль лиц | переводчик | ||
| 700 | 12 | a | Автор | Соснов В. |
| e | Роль лиц | редактор | ||
| 700 | 12 | a | Автор | Катин А. |
| e | Роль лиц | художник | ||
| 901 | t | Тип документа | m | |
| 952 | a | Тип литературы для КСУ ВШ | ЛХИ |